| 000 | 00391nam a2200133Ia 4500 | ||
|---|---|---|---|
| 008 | 210210b1964 xxu||||| |||| 00| 0 eng d | ||
| 082 | _a302 BERH | ||
| 100 | _aBERELSON (Bernard) & STEINER (Gary A). | ||
| 245 | _aHuman behaviour: an inventory of scientific findings. | ||
| 260 |
_aNY _bHarcourt, Brace & World. _c1964 |
||
| 300 | _axxiii,712 | ||
| 690 | _aSocial Psychology | ||
| 906 | _a040774 | ||
| 999 |
_c90837 _d90837 |
||